Código del trabajo versionado

Guardado en:
Detalles Bibliográficos
Autor principal: Enríquez Arancibia, Pablo (autor)
Formato: Desconocido
Publicado: Santiago, Chile: Thomson Reuters; Legal Publishing, 2024.
Edición:1ª edición
Materias:
Etiquetas: Agregar Etiqueta
Sin Etiquetas, Sea el primero en etiquetar este registro!

MARC

LEADER 00000 a2200000 4500
003 CL-VaPUC
005 20240730110137.0
008 240722t2024 ||||| |||| 00| 0 eng d
999 |c 444217  |d 444215 
020 |a 978-956-400-528-7 
040 |c Pontificia Universidad Católica de Valparaíso 
082 7 |2 22  |a 344.8301 ENR 2024 
100 |9 579346  |a Enríquez Arancibia, Pablo  |e autor 
245 |a Código del trabajo versionado 
250 |a 1ª edición 
260 |a Santiago, Chile:  |b Thomson Reuters;  |b Legal Publishing,  |c 2024. 
300 |a 470 páginas 
583 |k Angela Raggi  |c 20240722 
650 0 |9 890235  |a Niños  |x Trabajo infantil  |z Chile 
650 |a Jornada laboral  |z Chile  |9 890236 
650 0 |9 860916  |a Teletrabajo  |x Derecho laboral  |z Chile 
650 0 |9 859021  |a Inclusión Laboral  |x Personas con Discapacidad  |z Chile 
942 |2 ddc  |c BK 
952 |0 0  |1 0  |2 ddc  |4 0  |6 344_830100000000000_ENR_2024  |7 0  |8 A  |9 595782  |a BIBDER  |b BIBDER  |d 2024-07-19  |e 31  |g 0.00  |i 5662266  |o 344.8301 ENR 2024  |p 5662266  |r 2024-07-19  |t 1  |v 0.00  |w 2024-07-19  |y BK  |k DER